Záchranári dostali cenu primátora pád mosta

Bibliographic Details
Format: Article
Language:Slovak
PhysicalDescription:Fotogr.
ISSN:1335-7590
Subjects:

MARC

LEADER 00000nab a2200000 ar4500
001 vtls010565819
003 SK-MaSNL
005 20260305000334.0
008 131216c20121110xo mr|p|||||||000 b|slo
038 |a SNSK 
040 |b slo  |c SNSK  |e AACR2 
041 |a slo 
044 |a xo  |c SK 
080 |a 06.068  |x (437.672.121.142)  |2 2001 
080 |a 614.88  |x -051  |2 2001 
245 0 0 |a Záchranári dostali cenu primátora  |b pád mosta  |c [autor](ešl) 
300 |b Fotogr. 
610 1 7 |a Spišská Nová Ves (Slovensko).  |b Primátor  |2 snsk  |9 200366 
611 2 7 |a Cena primátora mesta  |d (2012 :  |c Spišská Nová Ves, Slovensko)  |2 snsk  |9 1094875 
650 0 7 |a záchranári  |2 snsk  |9 30207 
650 0 7 |a diaľničné mosty  |2 snsk  |9 70138 
650 0 7 |a Zrútenie. Totálne škody  |2 snsk  |9 1096752 
651 7 |a Spišská Nová Ves (Slovensko)  |2 snsk  |9 28800 
773 0 |t Spišský Korzár  |g Roč. XIV., č. 260 (10.11.2012), s. 4  |x 1335-7590 
852 |a SNSK  |b KIS3GCP 
999 |c 3213213  |d 3215143